[Event "Sofia MGU op 151st"]
[Site "Sofia"]
[Date "2015.09.26"]
[Round "3.1"]
[White "Todorov, Petar G"]
[Black "Gelemerov, Yane"]
[Result "1-0"]
[WhiteElo "1946"]
[BlackElo "2064"]
[PlyCount "139"]
[EventDate "2015.09.26"]
[EventType "swiss"]
[EventRounds "6"]
[EventCountry "BUL"]
[SourceTitle "EXT 2016"]
[Source "ChessBase"]
[SourceDate "2015.10.08"]
[SourceVersion "1"]
[SourceVersionDate "2015.10.08"]
[SourceQuality "1"]

1. e4 e5 2. Nf3 Nc6 3. Bb5 Bc5 4. 0-0 Nd4 5. Nxd4 Bxd4 6. c3 Bb6 7. d4 c6 8. Ba4 d6 9. Nd2 Qe7 10. dxe5 dxe5 11. Nc4 Bc7 12. Ne3 Nf6 13. Bc2 g6 14. a4 0-0 15. b4 Nh5 16. b5 Nf4 17. Ba3 c5 18. g3 Nh3+ 19. Kh1 Be6 20. Nd5 Bxd5 21. Qxd5 b6 22. Qd1 Qf6 23. Kg2 Rad8 24. Qe2 Ng5 25. h4 Ne6 26. Rad1 Rxd1 27. Rxd1 Rd8 28. Bb3 Ng7 29. Bc1 Rxd1 30. Qxd1 Qd6 31. Qf3 Qd7 32. Bd5 Nh5 33. Bh6 Bd6 34. Bc6 Qc7 35. Bd5 Bf8 36. Bg5 h6 37. Bc1 Kg7 38. Be3 Qe7 39. Qd1 Nf6 40. f3 Ne8 41. Qd2 Kh7 42. Qa2 Nd6 43. Qb1 h5 44. Qc1 Bg7 45. Bg5 f6 46. Be3 f5 47. Qd2 f4 48. gxf4 Qxh4 49. f5 Qe7 50. fxg6+ Kxg6 51. Qf2 Bh6 52. Qg3+ Bg5 53. Kf2 Kh6 54. Bxg5+ Qxg5 55. Qh3 Ne8 56. Qe6+ Nf6 57. Qf7 Qf4 58. Ke2 Kg5 59. Qxa7 Qh2+ 60. Kd3 Kf4 61. Qxb6 Qh4 62. Qxc5 Qe1 63. Qf8 Qd1+ 64. Kc4 Qxa4+ 65. Qb4 Qa2+ 66. Kc5 Qf2+ 67. Kc6 h4 68. Qf8 h3 69. Qxf6+ Kg3 70. Qxe5+ 1-0

[Event "Sunny Beach op-C 13th"]
[Site "Sunny Beach"]
[Date "2014.09.13"]
[Round "8"]
[White "Todorov, Petar G"]
[Black "Hristov, Hristo Mitov"]
[Result "0-1"]
[WhiteElo "1879"]
[BlackElo "1944"]
[PlyCount "62"]
[EventDate "2014.09.06"]
[EventType "swiss"]
[EventRounds "9"]
[EventCountry "BUL"]
[SourceTitle "CBM 162 Extra"]
[Source "ChessBase"]
[SourceDate "2014.10.17"]
[SourceVersion "1"]
[SourceVersionDate "2014.10.17"]
[SourceQuality "1"]

1. c4 g6 2. Nc3 Bg7 3. g3 d6 4. Bg2 e5 5. Nf3 Nc6 6. 0-0 Nge7 7. e3 0-0 8. d4 exd4 9. Nxd4 Nxd4 10. exd4 c6 11. d5 c5 12. Bf4 a5 13. Qd2 Nf5 14. Ne4 Ra6 15. Rab1 Nd4 16. h3 Bxh3 17. Rfe1 Bf5 18. Bg5 f6 19. Be3 Bxe4 20. Bxe4 f5 21. Bxd4 Bxd4 22. Bf3 Ra7 23. Kg2 b6 24. a4 Rg7 25. Re2 g5 26. Re6 g4 27. Be2 f4 28. Bd3 fxg3 29. f4 gxf3+ 30. Kh3 g2 31. Qh6 Qg5 0-1

[Event "Sunny Beach op"]
[Site "Sunny Beach"]
[Date "2008.11.29"]
[Round "4"]
[White "Todorov, Petar G"]
[Black "Sotirov, Nikolaj"]
[Result "0-1"]
[WhiteElo "1739"]
[BlackElo "2109"]
[PlyCount "162"]
[EventDate "2008.11.28"]
[EventType "swiss"]
[EventRounds "7"]
[EventCountry "BUL"]
[SourceTitle "EXT 2010"]
[Source "ChessBase"]
[SourceDate "2010.11.25"]
[SourceVersion "1"]
[SourceVersionDate "2010.11.25"]
[SourceQuality "1"]

1. c4 c5 2. Nc3 Nc6 3. d3 g6 4. g3 Bg7 5. Bg2 Nf6 6. Nf3 0-0 7. 0-0 d5 8. cxd5 Nxd5 9. Bd2 Nb6 10. Qc2 c4 11. dxc4 Nxc4 12. Rad1 Nxd2 13. Nxd2 Qa5 14. Nb3 Qh5 15. Rd5 e5 16. Rfd1 Nb4 17. Qe4 Nxd5 18. Nxd5 Be6 19. Nc5 Bxd5 20. Rxd5 Rac8 21. Nd3 Rfd8 22. Rxd8+ Rxd8 23. Bf3 Qf5 24. Qxb7 Qd7 25. Qb4 f5 26. Nc5 Qd4 27. Qa3 Qd1+ 28. Kg2 e4 29. Bxe4 fxe4 30. Ne6 Rd7 31. Qc5 Qd5 32. Qc8+ Kf7 33. Nf4 Qd6 34. Qc4+ Ke7 35. Qg8 Qf6 36. Nd5+ Rxd5 37. Qxd5 e3 38. fxe3 Qd6 39. Qb7+ Qd7 40. Qb4+ Kf7 41. Qb3+ Kf8 42. Qb8+ Ke7 43. Qb4+ Ke6 44. Qg4+ Kd6 45. Qf4+ Kc6 46. Qa4+ Kd6 47. Qf4+ Ke7 48. Qb4+ Kd8 49. Qb8+ Ke7 50. Qb4+ Ke8 51. Qb8+ Kf7 52. Qb3+ Kf8 53. Qb8+ Kf7 54. Qb3+ Kf6 55. Kg1 Qe6 56. Qc3+ Qe5 57. Qc6+ Kg5 58. h4+ Kh6 59. Qf3 Bf6 60. Kg2 Kg7 61. Qb7+ Qe7 62. Qb3 h5 63. Kf3 Be5 64. Kg2 Kh7 65. Qc2 Qd6 66. Qc4 Qc7 67. Qxc7+ Bxc7 68. b4 Bd6 69. b5 Kg7 70. a4 Kf6 71. Kf3 Bc7 72. g4 Ke5 73. gxh5 gxh5 74. e4 Kd4 75. e5 Kxe5 76. Ke3 Kd5 77. Kd3 Kc5 78. Kc3 Bd8 79. e4 Bf6+ 80. Kb3 Bxh4 81. e5 Be7 0-1

[Event "Kesarovski Georgiev Memorial 7th"]
[Site "Sunny Beach"]
[Date "2008.09.13"]
[Round "8"]
[White "Nikolov, Radoslav"]
[Black "Todorov, Petar G"]
[Result "0-1"]
[WhiteElo "2143"]
[BlackElo "1709"]
[PlyCount "84"]
[EventDate "2008.09.08"]
[EventType "swiss"]
[EventRounds "9"]
[EventCountry "BUL"]
[SourceTitle "CBM 126 Extra"]
[Source "ChessBase"]
[SourceDate "2008.11.05"]
[SourceVersion "1"]
[SourceVersionDate "2008.11.05"]
[SourceQuality "1"]

1. e4 c5 2. Nf3 d6 3. d4 cxd4 4. Nxd4 Nf6 5. Nc3 g6 6. Be3 Bg7 7. Qd2 0-0 8. f3 Nc6 9. 0-0-0 d5 10. Nxc6 bxc6 11. exd5 cxd5 12. Nxd5 Nxd5 13. Qxd5 Qc7 14. Qc5 Qb7 15. Bd4 Bf5 16. Bd3 Rfc8 17. Qa3 Bxd4 18. Bxf5 Bxb2+ 19. Qxb2 Qxb2+ 20. Kxb2 gxf5 21. Rd7 e6 22. Rhd1 Rc6 23. Rd8+ Rxd8 24. Rxd8+ Kg7 25. Rd7 a6 26. f4 Kg6 27. c3 f6 28. Kc2 e5 29. h4 h6 30. fxe5 fxe5 31. Rd5 e4 32. g3 Rf6 33. c4 Kh5 34. c5 Kg4 35. Rd6 Rf8 36. Kd2 Kf3 37. c6 Kf2 38. c7 e3+ 39. Kd3 Rc8 40. Re6 Rxc7 41. Re5 Rd7+ 42. Kc2 f4 0-1

[Event "Kesarovski Georgiev Memorial 7th"]
[Site "Sunny Beach"]
[Date "2008.09.11"]
[Round "5"]
[White "Todorov, Petar G"]
[Black "Angelov, Zvetomir"]
[Result "0-1"]
[WhiteElo "1709"]
[BlackElo "2121"]
[PlyCount "68"]
[EventDate "2008.09.08"]
[EventType "swiss"]
[EventRounds "9"]
[EventCountry "BUL"]
[SourceTitle "CBM 126 Extra"]
[Source "ChessBase"]
[SourceDate "2008.11.05"]
[SourceVersion "1"]
[SourceVersionDate "2008.11.05"]
[SourceQuality "1"]

1. e4 c5 2. f4 Nc6 3. Nf3 g6 4. Bb5 Bg7 5. Bxc6 bxc6 6. d3 Ba6 7. c3 Nf6 8. e5 Nd5 9. c4 Nc7 10. Nc3 0-0 11. 0-0 Ne6 12. g4 Nd4 13. Be3 Nxf3+ 14. Qxf3 Qa5 15. Ne4 d6 16. exd6 exd6 17. Nxd6 Bxb2 18. Rab1 Bg7 19. Qxc6 Qxa2 20. Bxc5 Rad8 21. f5 Be5 22. Bf2 Rxd6 23. Qe4 Re8 24. Kh1 Rdd8 25. Qc6 Bc8 26. d4 Bd7 27. Qb7 Bb8 28. c5 Qa4 29. d5 Qe4+ 30. Kg1 Qxg4+ 31. Kh1 Bxf5 32. Rbe1 Qf3+ 33. Kg1 Bh3 34. Rxe8+ Rxe8 0-1

[Event "Kesarovski Georgiev Memorial 6th"]
[Site "Sunny Beach"]
[Date "2007.09.14"]
[Round "5"]
[White "Todorov, Petar G"]
[Black "Pinero Prieto, Victor"]
[Result "1/2-1/2"]
[WhiteElo "1733"]
[BlackElo "2031"]
[PlyCount "66"]
[EventDate "2007.09.10"]
[EventType "swiss"]
[EventRounds "9"]
[EventCountry "BUL"]
[SourceTitle "CBM 120 Extra"]
[Source "ChessBase"]
[SourceDate "2007.11.01"]
[SourceVersion "1"]
[SourceVersionDate "2007.11.01"]
[SourceQuality "1"]

1. e4 c5 2. f4 Nc6 3. Nf3 g6 4. Bb5 Qc7 5. d3 Bg7 6. Nc3 e6 7. 0-0 Nge7 8. Be3 Nd4 9. Bc4 a6 10. a4 b6 11. e5 Nef5 12. Bf2 h5 13. Ne4 d5 14. exd6 Nxd6 15. Nxd6+ Qxd6 16. Nxd4 cxd4 17. Qf3 Ra7 18. Rfe1 0-0 19. Bg3 Qc5 20. Bf2 Bb7 21. Qe2 Qf5 22. Bg3 Raa8 23. Rf1 Rac8 24. Be1 Rfd8 25. Bh4 Rd7 26. Be1 Bf6 27. Bd2 h4 28. h3 Kg7 29. Rab1 Qc5 30. Qg4 Qf5 31. Qe2 Qc5 32. Qg4 Qf5 33. Qe2 Qc5 1/2-1/2

[Event "Kesarovski Georgiev Memorial 5th"]
[Site "Sunny Beach"]
[Date "2006.09.05"]
[Round "4.43"]
[White "Todorov, Petar G"]
[Black "Vasilev, Vasil Ts"]
[Result "1-0"]
[WhiteElo "1712"]
[BlackElo "1866"]
[PlyCount "101"]
[EventDate "2006.09.02"]
[EventType "swiss"]
[EventRounds "9"]
[EventCountry "BUL"]
[SourceTitle "CBM 114 Extra"]
[Source "ChessBase"]
[SourceDate "2006.11.03"]
[SourceVersion "1"]
[SourceVersionDate "2006.11.03"]
[SourceQuality "1"]

1. e4 e5 2. Nf3 Nc6 3. Bc4 Bc5 4. 0-0 Nf6 5. d4 Bxd4 6. Nxd4 Nxd4 7. f4 d6 8. fxe5 dxe5 9. Bg5 Ne6 10. Qxd8+ Nxd8 11. Bxf6 gxf6 12. Rxf6 Ke7 13. Rf2 Ne6 14. Nc3 c6 15. Raf1 Rf8 16. Ne2 f6 17. Ng3 Ng7 18. a3 b5 19. Ba2 a5 20. c3 b4 21. Bc4 Ba6 22. Bxa6 Rxa6 23. cxb4 axb4 24. axb4 Rb6 25. Rc2 Ne6 26. Nf5+ Kf7 27. Rd1 Rd8 28. Rxd8 Nxd8 29. Rd2 Ke8 30. Nd6+ Kf8 31. Nc8 Rxb4 32. Rxd8+ Kg7 33. Rd7+ Kg6 34. Ne7+ Kg5 35. Rd2 c5 36. Re2 Rd4 37. Nd5 h5 38. Kf2 f5 39. Ne7 fxe4 40. Nc6 Kf5 41. Nxd4+ exd4 42. g3 c4 43. Rc2 e3+ 44. Ke1 c3 45. bxc3 d3 46. Ra2 Ke4 47. Rb2 Kf3 48. c4 d2+ 49. Rxd2 exd2+ 50. Kxd2 Kg2 51. Ke2 1-0

[Event "Kesarovski Georgiev Memorial 5th"]
[Site "Sunny Beach"]
[Date "2006.09.02"]
[Round "1.43"]
[White "Halldorsson, Jon Arni"]
[Black "Todorov, Petar G"]
[Result "1-0"]
[WhiteElo "2142"]
[BlackElo "1712"]
[PlyCount "45"]
[EventDate "2006.09.02"]
[EventType "swiss"]
[EventRounds "9"]
[EventCountry "BUL"]
[SourceTitle "CBM 114 Extra"]
[Source "ChessBase"]
[SourceDate "2006.11.03"]
[SourceVersion "1"]
[SourceVersionDate "2006.11.03"]
[SourceQuality "1"]

1. d4 d5 2. c4 c6 3. Nc3 Nf6 4. Nf3 e6 5. e3 Bd6 6. Bd3 Nbd7 7. 0-0 0-0 8. b3 e5 9. cxd5 cxd5 10. Nb5 Qb6 11. Nxd6 Qxd6 12. dxe5 Nxe5 13. Be2 Bg4 14. Bb2 Nxf3+ 15. Bxf3 Bxf3 16. Qxf3 Ne4 17. Rfd1 Rad8 18. Rd4 Qe6 19. Rad1 Ng5 20. Qg3 Ne4 21. Rxe4 Qh6 22. Bxg7 Qxg7 23. Rg4 1-0